[Event "GRE-ch U10"]
[Site "Rio Achaia"]
[Date "2018.07.06"]
[Round "6"]
[White "Mastrogiannopoulos, Christos Pan"]
[Black "Berdos, Konstantinos"]
[Result "0-1"]
[WhiteElo "1010"]
[BlackElo "1116"]
[PlyCount "67"]
[EventDate "2018.07.03"]
[EventType "swiss"]
[EventRounds "9"]
[EventCountry "GRE"]
[SourceTitle "EXT 2019"]
[Source "ChessBase"]
[SourceDate "2018.10.10"]
[SourceVersion "1"]
[SourceVersionDate "2018.10.10"]
[SourceQuality "1"]

1. e4 e5 2. Nf3 Nc6 3. Bc4 Nf6 4. d3 Bc5 5. c3 d6 6. b4 Bb6 7. a4 a6 8. 0-0 0-0 9. Nbd2 Ne7 10. Bb3 Ng6 11. Nc4 Ba7 12. Re1 b5 13. axb5 axb5 14. Ne3 h6 15. Nd5 Nxd5 16. Bxd5 Bxf2+ 17. Kxf2 Rxa1 18. Qc2 Be6 19. Bxe6 fxe6 20. Kg1 Qa8 21. Kh1 Ra2 22. Qb1 Nf4 23. Bxf4 Rxf4 24. h3 Qa7 25. Rf1 Rf2 26. Qe1 Rxf1+ 27. Qxf1 Qe3 28. Kh2 g5 29. Kh1 h5 30. Qd1 g4 31. hxg4 hxg4 32. Nh2 Qg3 33. Qg1 Qxd3 34. g3 0-1

[Event "GRE-ch U10"]
[Site "Rio Achaia"]
[Date "2018.07.03"]
[Round "1"]
[White "Berdos, Konstantinos"]
[Black "Hartofylakas, Spyros"]
[Result "0-1"]
[WhiteElo "1116"]
[BlackElo "1466"]
[PlyCount "108"]
[EventDate "2018.07.03"]
[EventType "swiss"]
[EventRounds "9"]
[EventCountry "GRE"]
[SourceTitle "EXT 2019"]
[Source "ChessBase"]
[SourceDate "2018.10.10"]
[SourceVersion "1"]
[SourceVersionDate "2018.10.10"]
[SourceQuality "1"]

1. e4 e5 2. Nf3 Nc6 3. Bc4 Bc5 4. c3 Nf6 5. d3 0-0 6. 0-0 Re8 7. Re1 h6 8. h3 Bb6 9. Nbd2 d6 10. Bb3 Be6 11. Nf1 Qd7 12. Bxe6 Rxe6 13. Ng3 d5 14. Qe2 Rd8 15. Nf5 dxe4 16. dxe4 Qd3 17. Qxd3 Rxd3 18. Be3 Bxe3 19. Nxe3 Nxe4 20. Nc4 f5 21. Re2 Kf7 22. Ne1 Rd7 23. f3 Nd6 24. Rd1 Ke7 25. Red2 Nb8 26. Nxd6 Rexd6 27. Rxd6 Rxd6 28. Rc1 Rd2 29. Rc2 Rxc2 30. Nxc2 Nc6 31. Kf2 f4 32. Ke2 Ke6 33. Kd3 Kf5 34. Na3 g5 35. Nb5 Kg6 36. Ke2 Kh5 37. Kf2 Kh4 38. Nxc7 h5 39. Ne6 g4 40. hxg4 hxg4 41. fxg4 Kxg4 42. Nc5 b6 43. Ne4 Ne7 44. g3 Nd5 45. gxf4 exf4 46. Nd2 Ne3 47. Ke2 Nf5 48. Kf2 Ne3 49. Ke2 Kg3 50. Ne4+ Kg2 51. Ng5 Nf5 52. Ne4 Ng3+ 53. Nxg3 fxg3 54. b3 Kh2 0-1